[Event "CAN-ch U10"]
[Site "Vancouver"]
[Date "2012.07.05"]
[Round "5"]
[White "Novakovic, David"]
[Black "Ghodsi, Soroush"]
[Result "1-0"]
[WhiteElo "767"]
[BlackElo "960"]
[PlyCount "99"]
[EventDate "2012.07.03"]
[EventType "swiss"]
[EventRounds "7"]
[EventCountry "CAN"]
[SourceTitle "EXT 2022"]
[Source "ChessBase"]
[SourceDate "2021.10.06"]
[SourceVersion "1"]
[SourceVersionDate "2021.10.06"]
[SourceQuality "1"]

1. e4 Nf6 2. e5 Nd5 3. Nf3 d6 4. exd6 cxd6 5. Bb5+ Nc6 6. 0-0 a6 7. Bc4 Nb6 8. Bb3 Na5 9. c3 Nxb3 10. Qxb3 e5 11. d3 Be6 12. Qd1 Qf6 13. d4 Rd8 14. Bg5 Qg6 15. Bxd8 Bh3 16. Nh4 Qg4 17. Qxg4 Bxg4 18. Bxb6 Be7 19. h3 Bxh3 20. gxh3 Bxh4 21. dxe5 dxe5 22. Re1 f6 23. Re4 Bg5 24. h4 Bc1 25. Re2 Bh6 26. Be3 g5 27. hxg5 fxg5 28. Bxg5 Rg8 29. Rxe5+ Kd7 30. f4 Bxg5 31. Rxg5 Rxg5+ 32. fxg5 Ke6 33. b4 Kf5 34. Kh1 Kxg5 35. Na3 h5 36. Rf1 Kg4 37. c4 h4 38. b5 axb5 39. Nxb5 h3 40. a4 Kg3 41. a5 h2 42. Nd6 Kh3 43. Nxb7 Kh4 44. c5 Kg5 45. c6 Kh4 46. c7 Kg3 47. c8Q Kh4 48. Qg8 Kh3 49. Rf6 Kh4 50. Rh6# 1-0